000 00336nam a2200133Ia 4500
008 240624s9999 xx 000 0 und d
041 _aeng
082 _a823 BUR
100 _aBURNETT FRANCES HODGSON
245 _aSECRET GARDEN
260 _c2010
_aNew Delhi
_bHarper Collins
300 _avii, : 270 : p. : cm. ; 18
365 _cRS
_b25
999 _c18700
_d18700